000 00976nam a22002057a 4500
005 20250318141207.0
010 _aHIN-129528-529
020 _a9789384930561 (भाग-1)
_c750.00
020 _a9789384930578 (भाग-2)
_c750.00
035 _aHN-101874-875
037 _bएजुकेशन गैलरी
082 _a954.083
245 _aभारत का प्रथम स्वतंत्रता संग्राम 1857-भाग 1-2:
_cवेद प्रकाश सोनी
260 _aदिल्ली
_bएजुकेशन गैलरी
_c2020, 2021
270 _a26/25, ब्लॉक-26, गली नं. 12, विश्वास नगर, शाहदरा,
_bदिल्ली
_e110032
300 _a2भाग(256; 240 पृ.
_c22सेमी(सजिल्द)
490 _v2 भाग
700 _aवेद प्रकाश सोनी
_979733
942 _2ddc
_cHN
_h954.083
_mभारत
999 _c210361
_d210361